| 000 | 01525nam a22002417a 4500 | ||
|---|---|---|---|
| 999 |
_c6379 _d6379 |
||
| 003 | DO-SdBJH | ||
| 005 | 20210803150722.0 | ||
| 008 | 210727b ||||| |||| 00| 0 spa d | ||
| 040 |
_aDO-SdBJH _bspa _cDO-SdBJH |
||
| 090 |
_aTG ANGM _b01621 2019 |
||
| 100 | 1 |
_aDe la Cruz Bautista, Penélope _esustentante |
|
| 245 | 1 | 0 |
_aAnálisis> del impacto del club naútico de la Armada de la República Dominicana, para el fortalecimiento institucional / _c Penélope De la Cruz Bautista, Carlos Manuel Suero Martínez, asesores Gertrudis Perera Rodríguez, Roberto de Jesús Méndez Sosa |
| 260 |
_aSanto Domingo Este : _bINSUDE, _c2019 |
||
| 300 | _avi, 60 páginas | ||
| 502 | _aTrabajo de grado (Licenciado en Ciencias Navales). -- Instituto Superior para la Defensa (INSUDE). Academia Naval Marina de Guerra “Vicealmirante Cesar D’Windt Lavandier”, 2019 | ||
| 504 | _aIncluye referencias bibliográficas e índices | ||
| 505 | _aGeneralidades de club náutico. -- Situación actual y análisis del impacto del club náutico "las Calderas" de la Armada de República Dominicana. -- Beneficios obtenidos por medio del club náutico "Las Calderas" para lograr un fortalecimiento institucional | ||
| 700 | 1 |
_a Suero Martínez, Carlos Manuel _esustentante |
|
| 700 | 1 |
_a Perera Rodríguez, Gertrudis _easesor |
|
| 700 | 1 |
_aMéndez Sosa, Roberto de Jesús _easesor |
|
| 830 | _aINSUDE. Academia Naval Marina de Guerra “Vicealmirante Cesar D’Windt Lavandier”. Tesis y disertaciones académicas | ||
| 942 |
_2CL _cT |
||